El evangelio de la vida cristiana
I tiakina i:
| Kaituhi matua: | |
|---|---|
| Hōputu: | Pukapuka |
| Reo: | Pāniora |
| I whakaputaina: |
Madrid
Paulinas
1968
|
| Rangatū: | <Las >respuestas vitales
|
| Ngā marau: | |
| Ngā Tūtohu: |
Tāpirihia he Tūtohu
Kāore He Tūtohu, Me noho koe te mea tuatahi ki te tūtohu i tēnei pūkete!
|
MARC
| LEADER | 00000nam a2200000 a 4500 | ||
|---|---|---|---|
| 001 | UCR1836 | ||
| 003 | CL-VaPUC | ||
| 005 | 20250227130626.0 | ||
| 008 | 971219e19680000SP |||||||||||||||||spa|d | ||
| 999 | |c 265197 |d 265195 | ||
| 040 | |c Pontificia Universidad Católica de Valparaíso | ||
| 082 | 0 | 4 | |a 241 |b HAE |2 21 |
| 100 | 0 | |a Haering, Bernhard |e author |9 349274 | |
| 245 | 1 | 3 | |a El evangelio de la vida cristiana |
| 260 | |a Madrid |b Paulinas |c 1968 | ||
| 300 | |a 273 p | ||
| 490 | 0 | |a <Las >respuestas vitales | |
| 583 | |a last modification |c 19971219 00:00:00 |k Rodrigo Vera | ||
| 600 | 0 | |a Pablo VI |q (Paulo VI), |c Papa |d 1897-1978 |9 482790 | |
| 600 | 0 | |a Iglesia Católica |9 255129 | |
| 650 | 0 | |a Teología moral |9 256617 | |
| 650 | 0 | |a Vida cristiana |9 258753 | |
| 650 | 7 | |a EVANGELIO |2 CL-VaPUC |9 368586 | |
| 650 | 0 | |a Salvación |9 315007 | |
| 650 | 0 | |a Fe |9 308036 | |
| 650 | 0 | |a Ética cristiana |9 308677 | |
| 650 | 0 | |a Ciencias |9 327866 | |
| 650 | 0 | |a Juventud |9 271073 | |
| 942 | |c BK |2 ddc | ||
| 945 | |d 19971219 00:00:00 |a jquezada | ||
| 952 | |0 0 |1 0 |4 0 |6 241_000000000000000_HAE_1968 |7 0 |8 A |9 296030 |a BIBTEO |b BIBTEO |d 2019-11-20 |i 3373495 |o 241 HAE 1968 |p 3373495 |r 2025-01-17 |w 2019-11-20 |y BK |k ICR | ||
| 952 | |0 0 |1 0 |4 0 |6 241_000000000000000_HAE_1968 |7 0 |8 A |9 296031 |a BIBTEO |b BIBTEO |d 2019-11-20 |i 3373509 |o 241 HAE 1968 |p 3373509 |r 2025-01-17 |w 2019-11-20 |y BK |k ICR | ||